[Event "World Chess Olympiad 2018"]
[Site "Batumi"]
[Date "2018.09.24"]
[Round "1"]
[Board "1"]
[WhiteFideId "12200875"]
[White "Tagelsir Abubaker"]
[BlackFideId "6302718"]
[Black "Yilmaz Mustafa"]
[Result "0-1"]
[LiveChessVersion "1.4.8"]
[BlackElo "2633"]
[WhiteElo "2236"]

1. e4 {[%clk 1:30:48]} c5 {[%clk 1:30:54]} 2. Nf3 {[%clk 1:31:04]} e6
{[%clk 1:31:01]} 3. g3 {[%clk 1:31:02]} Nc6 {[%clk 1:31:25]} 4. Bg2
{[%clk 1:31:07]} Nf6 {[%clk 1:31:42]} 5. d3 {[%clk 1:30:03]} d5 {[%clk 1:31:44]}
6. Nbd2 {[%clk 1:27:59]} g6 {[%clk 1:31:53]} 7. O-O {[%clk 1:27:52]} Bg7
{[%clk 1:32:19]} 8. exd5 {[%clk 1:26:44]} Nxd5 {[%clk 1:31:38]} 9. Ne4
{[%clk 1:23:51]} b6 {[%clk 1:30:32]} 10. Bg5 {[%clk 1:22:49]} f6 {[%clk 1:27:16]}
11. Bd2 {[%clk 1:17:13]} O-O {[%clk 1:27:02]} 12. Qc1 {[%clk 1:12:46]} e5
{[%clk 1:16:36]} 13. Bh6 {[%clk 1:07:07]} Bg4 {[%clk 1:16:11]} 14. Nc3
{[%clk 1:03:20]} Nde7 {[%clk 1:08:31]} 15. h4 {[%clk 0:58:52]} Qd7
{[%clk 1:04:59]} 16. Re1 {[%clk 0:53:45]} Rae8 {[%clk 0:58:36]} 17. Nh2
{[%clk 0:46:28]} Bh3 {[%clk 0:55:17]} 18. Bh1 {[%clk 0:38:45]} Nd4
{[%clk 0:52:45]} 19. Bxg7 {[%clk 0:38:53]} Kxg7 {[%clk 0:53:13]} 20. Nd1
{[%clk 0:28:42]} h6 {[%clk 0:48:31]} 21. Ne3 {[%clk 0:23:47]} g5 {[%clk 0:45:58]}
22. hxg5 {[%clk 0:22:46]} hxg5 {[%clk 0:46:21]} 23. c3 {[%clk 0:22:43]} Ndc6
{[%clk 0:44:48]} 24. Qd1 {[%clk 0:21:45]} Rh8 {[%clk 0:41:06]} 25. Qf3
{[%clk 0:14:19]} Be6 {[%clk 0:38:45]} 26. Neg4 {[%clk 0:11:03]} Ref8
{[%clk 0:38:39]} 27. Qe2 {[%clk 0:11:00]} Ng6 {[%clk 0:34:23]} 28. Bg2
{[%clk 0:10:14]} Bd5 {[%clk 0:31:20]} 29. Bxd5 {[%clk 0:07:24]} Qxd5
{[%clk 0:30:21]} 30. Ne3 {[%clk 0:07:46]} Qd7 {[%clk 0:26:00]} 31. Qg4
{[%clk 0:08:00]} Rf7 {[%clk 0:21:41]} 32. Rad1 {[%clk 0:07:00]} Qxg4
{[%clk 0:17:08]} 33. Nexg4 {[%clk 0:06:39]} Rd8 {[%clk 0:16:24]} 34. f3
{[%clk 0:04:50]} f5 {[%clk 0:13:36]} 35. Nf2 {[%clk 0:05:01]} Kf6
{[%clk 0:11:33]} 36. Nf1 {[%clk 0:05:09]} Rfd7 {[%clk 0:11:32]} 37. Ne3
{[%clk 0:04:16]} f4 {[%clk 0:05:21]} 38. Ne4+ {[%clk 0:01:27]} Ke7
{[%clk 0:04:14]} 39. Nf1 {[%clk 0:01:36]} fxg3 {[%clk 0:02:53]} 40. Nfxg3
{[%clk 0:31:09]} Rxd3 {[%clk 0:31:02]} 41. Rxd3 {[%clk 0:27:20]} Rxd3
{[%clk 0:31:30]} 42. Nxg5 {[%clk 0:27:41]} Rd2 {[%clk 0:31:25]} 43. Re2
{[%clk 0:27:50]} Rd1+ {[%clk 0:31:52]} 44. Nf1 {[%clk 0:23:50]} c4
{[%clk 0:26:20]} 45. Nh3 {[%clk 0:22:36]} Ra1 {[%clk 0:25:39]} 46. a3
{[%clk 0:22:44]} Kd6 {[%clk 0:25:02]} 47. Kf2 {[%clk 0:23:09]} Nf4
{[%clk 0:24:12]} 48. Nxf4 {[%clk 0:22:56]} exf4 {[%clk 0:24:40]} 49. Nd2
{[%clk 0:22:39]} Ne5 {[%clk 0:24:14]} 50. Re4 {[%clk 0:21:15]} b5
{[%clk 0:21:09]} 51. Ke2 {[%clk 0:21:31]} Nd3 {[%clk 0:20:26]} 52. Nxc4+
{[%clk 0:19:20]} bxc4 {[%clk 0:20:49]} 53. Rxc4 {[%clk 0:19:43]} Nxb2
{[%clk 0:20:19]} 54. Rxf4 {[%clk 0:18:31]} Rxa3 {[%clk 0:20:40]} 55. Kd2
{[%clk 0:16:04]} Na4 {[%clk 0:20:36]} 56. Rf6+ {[%clk 0:15:40]} Kd5
{[%clk 0:19:15]} 57. Rf5+ {[%clk 0:11:43]} Ke6 {[%clk 0:18:38]} 58. Rf8
{[%clk 0:10:01]} Nxc3 {[%clk 0:17:05]} 59. Kd3 {[%clk 0:10:20]} Ke7
{[%clk 0:15:39]} 60. Rf5 {[%clk 0:10:44]} Nb5+ {[%clk 0:15:48]} 61. Kd2
{[%clk 0:10:54]} Nd4 {[%clk 0:15:55]} 62. Rf4 {[%clk 0:10:34]} Nxf3+
{[%clk 0:16:18]} 63. Kc2 {[%clk 0:11:02]} Ne5 {[%clk 0:16:41]} 64. Re4
{[%clk 0:11:05]} Kd6 {[%clk 0:17:06]} 65. Kb2 {[%clk 0:11:32]} Rg3
{[%clk 0:17:15]} 0-1

[Event "World Chess Olympiad 2018"]
[Site "Batumi"]
[Date "2018.09.24"]
[Round "1"]
[Board "2"]
[WhiteFideId "6302181"]
[White "Can Emre"]
[BlackFideId "12200085"]
[Black "Nadir Samir"]
[Result "1-0"]
[LiveChessVersion "1.4.8"]
[BlackElo "2170"]
[WhiteElo "2588"]

1. d4 {[%clk 1:31:12]} d5 {[%clk 1:29:33]} 2. c4 {[%clk 1:31:24]} c6
{[%clk 1:29:47]} 3. Nf3 {[%clk 1:31:26]} Nf6 {[%clk 1:29:25]} 4. Nc3
{[%clk 1:31:21]} e6 {[%clk 1:28:54]} 5. Bg5 {[%clk 1:31:30]} Nbd7
{[%clk 1:28:54]} 6. e3 {[%clk 1:30:23]} Qa5 7. cxd5 Nxd5 {[%clk 1:23:06]} 8. Rc1
{[%clk 1:30:00]} Bb4 {[%clk 1:10:39]} 9. a3 {[%clk 1:30:00]} Bxc3+
{[%clk 1:01:02]} 10. bxc3 {[%clk 1:30:20]} h6 {[%clk 0:58:24]} 11. Bh4
{[%clk 1:29:42]} Qxa3 {[%clk 0:55:26]} 12. Qd2 {[%clk 1:27:44]} b5
{[%clk 0:36:04]} 13. e4 {[%clk 1:23:54]} N5b6 {[%clk 0:34:38]} 14. Bd3
{[%clk 1:23:41]} Nc4 {[%clk 0:31:14]} 15. Qc2 {[%clk 1:17:29]} Ndb6
{[%clk 0:26:50]} 16. O-O {[%clk 1:15:10]} O-O {[%clk 0:21:26]} 17. e5
{[%clk 1:07:09]} Re8 {[%clk 0:11:17]} 18. Qe2 {[%clk 1:04:47]} Bd7
{[%clk 0:09:26]} 19. Qe4 {[%clk 1:00:19]} g6 {[%clk 0:09:42]} 20. Bf6
{[%clk 0:52:51]} Nd5 {[%clk 0:09:17]} 21. Bxc4 {[%clk 0:48:39]} bxc4
{[%clk 0:09:28]} 22. Nd2 {[%clk 0:47:24]} Qa2 {[%clk 0:06:21]} 23. Rc2
{[%clk 0:43:50]} Qa4 {[%clk 0:05:26]} 24. Qh4 {[%clk 0:43:01]} Nxf6
{[%clk 0:02:15]} 25. exf6 {[%clk 0:43:20]} Kh7 {[%clk 0:02:06]} 26. Nf3
{[%clk 0:41:45]} Qb5 {[%clk 0:01:07]} 27. Ne5 {[%clk 0:41:14]} Qd5
{[%clk 0:00:38]} 28. Re2 {[%clk 0:39:55]} Rf8 {[%clk 0:00:36]} 29. Re3
{[%clk 0:39:46]} 1-0

[Event "World Chess Olympiad 2018"]
[Site "Batumi"]
[Date "2018.09.24"]
[Round "1"]
[Board "3"]
[WhiteFideId "12202576"]
[White "Abdelazeez Mohamed Abdalla"]
[BlackFideId "6300014"]
[Black "Dastan Muhammed Batuhan"]
[Result "0-1"]
[LiveChessVersion "1.4.8"]
[BlackElo "2569"]
[WhiteElo "2183"]

1. e4 {[%clk 1:30:49]} c5 {[%clk 1:30:48]} 2. Nf3 {[%clk 1:31:06]} d6
{[%clk 1:31:07]} 3. d4 {[%clk 1:31:21]} cxd4 {[%clk 1:31:31]} 4. Nxd4
{[%clk 1:31:44]} Nf6 {[%clk 1:31:57]} 5. Nc3 {[%clk 1:32:00]} a6 {[%clk 1:32:21]}
6. Bg5 {[%clk 1:30:34]} Nbd7 {[%clk 1:32:40]} 7. f4 {[%clk 1:26:57]} Qb6
{[%clk 1:32:44]} 8. a3 {[%clk 1:26:21]} h6 {[%clk 1:23:35]} 9. Bh4
{[%clk 1:26:37]} e5 {[%clk 1:22:47]} 10. fxe5 {[%clk 1:02:55]} dxe5
{[%clk 1:22:54]} 11. Nb3 {[%clk 0:59:48]} Be7 {[%clk 1:15:05]} 12. Bf2
{[%clk 0:50:31]} Qc7 {[%clk 1:13:35]} 13. Bd3 {[%clk 0:47:20]} Nb6
{[%clk 1:09:51]} 14. h3 {[%clk 0:30:52]} Be6 {[%clk 1:07:36]} 15. Nd2
{[%clk 0:30:59]} Rc8 {[%clk 1:03:24]} 16. Qf3 {[%clk 0:29:00]} h5
{[%clk 0:57:57]} 17. Be3 {[%clk 0:18:26]} h4 {[%clk 0:50:08]} 18. Rf1
{[%clk 0:14:41]} Qc6 {[%clk 0:37:51]} 19. Rf2 {[%clk 0:06:47]} Nh5
{[%clk 0:34:40]} 20. Nd5 {[%clk 0:03:55]} Nxd5 {[%clk 0:34:41]} 21. exd5
{[%clk 0:04:16]} Bxd5 {[%clk 0:34:42]} 22. Be4 {[%clk 0:04:33]} Nf6
{[%clk 0:33:55]} 23. Bxd5 {[%clk 0:03:45]} Qxd5 {[%clk 0:33:59]} 24. Qf5
{[%clk 0:03:50]} O-O {[%clk 0:32:37]} 25. Nf3 {[%clk 0:03:49]} Qe4
{[%clk 0:19:11]} 26. Qxe5 {[%clk 0:03:58]} Qxe5 {[%clk 0:19:32]} 27. Nxe5
{[%clk 0:03:46]} Bd6 {[%clk 0:19:58]} 28. Bd4 {[%clk 0:02:13]} Rfe8
{[%clk 0:20:19]} 29. Re2 {[%clk 0:02:19]} Nh5 {[%clk 0:20:44]} 30. c3
{[%clk 0:00:38]} Nf4 {[%clk 0:20:48]} 31. Re4 {[%clk 0:00:40]} Bxe5
{[%clk 0:21:04]} 32. Kf1 {[%clk 0:00:46]} Bxd4 {[%clk 0:21:17]} 33. Rxd4
{[%clk 0:00:56]} g5 {[%clk 0:21:23]} 34. Rd7 {[%clk 0:01:01]} b5 {[%clk 0:21:08]}
35. a4 {[%clk 0:01:09]} b4 {[%clk 0:21:12]} 36. Rd6 {[%clk 0:00:32]} bxc3
{[%clk 0:21:34]} 37. bxc3 {[%clk 0:01:00]} a5 {[%clk 0:21:29]} 38. Rb1
{[%clk 0:01:03]} Re5 {[%clk 0:20:21]} 39. Rb5 {[%clk 0:00:47]} Rxb5
{[%clk 0:20:39]} 40. axb5 {[%clk 0:30:58]} Rxc3 {[%clk 0:51:03]} 41. Ra6
{[%clk 0:31:13]} Rb3 {[%clk 0:50:40]} 42. Rxa5 {[%clk 0:31:34]} Kg7
{[%clk 0:50:14]} 43. b6 {[%clk 0:28:53]} Kg6 {[%clk 0:50:21]} 44. Ra6
{[%clk 0:28:58]} f6 {[%clk 0:50:44]} 0-1

[Event "World Chess Olympiad 2018"]
[Site "Batumi"]
[Date "2018.09.24"]
[Round "1"]
[Board "4"]
[WhiteFideId "6300545"]
[White "Sanal Vahap"]
[BlackFideId "12202606"]
[Black "Mohamed Faisal"]
[Result "1-0"]
[LiveChessVersion "1.4.8"]
[BlackElo "2127"]
[WhiteElo "2502"]

1. Nf3 {[%clk 1:30:56]} d5 {[%clk 1:30:38]} 2. c4 {[%clk 1:30:59]} dxc4
{[%clk 1:28:14]} 3. e3 {[%clk 1:31:10]} Nf6 {[%clk 1:26:55]} 4. Bxc4
{[%clk 1:31:29]} e6 {[%clk 1:27:05]} 5. d4 {[%clk 1:31:38]} a6 {[%clk 1:26:29]}
6. O-O {[%clk 1:31:59]} Be7 7. Nc3 {[%clk 1:31:49]} b5 {[%clk 1:25:16]} 8. Be2
{[%clk 1:32:00]} Bb7 {[%clk 1:24:58]} 9. a3 {[%clk 1:29:23]} Nbd7
{[%clk 1:17:31]} 10. b4 {[%clk 1:29:27]} Bd6 {[%clk 1:13:51]} 11. Nd2
{[%clk 1:27:15]} e5 {[%clk 0:55:35]} 12. Nb3 {[%clk 1:26:40]} Ra7
{[%clk 0:45:26]} 13. Na5 {[%clk 1:21:44]} Ba8 {[%clk 0:37:21]} 14. d5
{[%clk 1:21:12]} O-O {[%clk 0:30:03]} 15. e4 {[%clk 1:21:24]} c5 {[%clk 0:28:25]}
16. dxc6 {[%clk 1:20:50]} Nb8 17. Be3 {[%clk 1:21:12]} Re7 {[%clk 0:26:28]} 18.
Nd5 {[%clk 1:21:05]} Nxc6 {[%clk 0:23:55]} 19. Nxc6 {[%clk 1:20:52]} Bxc6
{[%clk 0:24:18]} 20. Nxe7+ {[%clk 1:20:53]} Qxe7 {[%clk 0:24:21]} 21. f3
{[%clk 1:21:17]} Nh5 {[%clk 0:23:38]} 22. Qd2 {[%clk 1:20:03]} Nf4
{[%clk 0:22:56]} 23. Rac1 {[%clk 1:19:34]} Bb7 {[%clk 0:22:49]} 24. Rfd1
{[%clk 1:19:48]} Rd8 {[%clk 0:17:36]} 25. Bf1 {[%clk 1:20:02]} Ne6
{[%clk 0:17:27]} 26. Bb6 {[%clk 1:18:32]} Rd7 {[%clk 0:12:40]} 27. Kh1
{[%clk 1:18:57]} Nf8 {[%clk 0:11:56]} 28. Qc3 {[%clk 1:18:33]} h5
{[%clk 0:09:45]} 29. Bc5 {[%clk 1:18:27]} Bxc5 {[%clk 0:10:00]} 30. Rxd7
{[%clk 1:18:07]} Nxd7 {[%clk 0:08:12]} 31. bxc5 {[%clk 1:18:32]} Bc6
{[%clk 0:08:22]} 32. Rd1 {[%clk 1:18:15]} h4 {[%clk 0:07:04]} 33. Rd6
{[%clk 1:18:37]} Nb8 {[%clk 0:07:22]} 34. Qa5 {[%clk 1:18:59]} 1-0

[Event "World Chess Olympiad 2018"]
[Site "Batumi"]
[Date "2018.09.24"]
[Round "1"]
[Board "1"]
[WhiteFideId "12539929"]
[White "Maghsoodloo Parham"]
[BlackFideId "11101644"]
[Black "Husbands Orlando"]
[Result "1-0"]
[LiveChessVersion "1.4.8"]
[BlackElo "2262"]
[WhiteElo "2649"]

1. d4 {[%clk 1:24:25]} Nf6 {[%clk 1:30:58]} 2. c4 {[%clk 1:23:13]} e6
{[%clk 1:31:26]} 3. Nc3 {[%clk 1:22:30]} Bb4 {[%clk 1:31:40]} 4. e3
{[%clk 1:22:42]} O-O {[%clk 1:32:06]} 5. Nge2 {[%clk 1:22:53]} c6
{[%clk 1:32:25]} 6. a3 {[%clk 1:22:44]} Ba5 {[%clk 1:32:54]} 7. Ng3
{[%clk 1:19:28]} d5 {[%clk 1:32:50]} 8. Bd2 {[%clk 1:13:12]} Nbd7
{[%clk 1:30:01]} 9. cxd5 {[%clk 1:13:21]} exd5 {[%clk 1:28:51]} 10. Bd3
{[%clk 1:13:03]} Bc7 {[%clk 1:28:25]} 11. O-O {[%clk 1:13:17]} Nb6
{[%clk 1:18:30]} 12. b3 {[%clk 1:06:32]} Be6 {[%clk 1:14:48]} 13. a4
{[%clk 1:06:18]} Re8 {[%clk 1:10:55]} 14. Re1 {[%clk 1:04:41]} Nc8
{[%clk 0:57:54]} 15. f3 {[%clk 1:01:00]} Ne7 {[%clk 0:51:02]} 16. Nce2
{[%clk 0:57:20]} Qd7 {[%clk 0:48:12]} 17. Qc2 {[%clk 0:56:15]} h5
{[%clk 0:45:54]} 18. Nf4 {[%clk 0:52:06]} Bxf4 {[%clk 0:42:27]} 19. exf4
{[%clk 0:52:24]} h4 {[%clk 0:42:07]} 20. f5 {[%clk 0:45:25]} hxg3
{[%clk 0:39:44]} 21. fxe6 {[%clk 0:45:07]} gxh2+ {[%clk 0:40:09]} 22. Kxh2
{[%clk 0:33:19]} fxe6 {[%clk 0:40:04]} 23. Bf4 {[%clk 0:33:36]} Nf5
{[%clk 0:39:05]} 24. Qf2 {[%clk 0:32:18]} Kf7 {[%clk 0:32:04]} 25. g4
{[%clk 0:30:59]} Rh8+ {[%clk 0:26:59]} 26. Kg1 {[%clk 0:31:17]} Ne7
{[%clk 0:25:42]} 27. Re3 {[%clk 0:30:31]} Ng6 {[%clk 0:23:16]} 28. Bg3
{[%clk 0:30:32]} Rag8 {[%clk 0:22:02]} 29. Rae1 {[%clk 0:29:49]} Nf8
{[%clk 0:22:22]} 30. Kg2 {[%clk 0:29:05]} g6 {[%clk 0:14:27]} 31. Be5
{[%clk 0:23:10]} g5 {[%clk 0:07:36]} 32. Bg3 {[%clk 0:22:32]} Rh6
{[%clk 0:06:04]} 33. b4 {[%clk 0:18:44]} Qd8 {[%clk 0:05:41]} 34. b5
{[%clk 0:18:17]} Rgh8 {[%clk 0:04:34]} 35. bxc6 {[%clk 0:17:51]} bxc6
{[%clk 0:05:03]} 36. Qc2 {[%clk 0:15:38]} Qb6 {[%clk 0:03:58]} 37. Qc3
{[%clk 0:14:16]} Rh3 {[%clk 0:03:55]} 38. Bd6 {[%clk 0:13:29]} Ne8
{[%clk 0:03:13]} 39. Be5 {[%clk 0:13:41]} R8h6 {[%clk 0:03:33]} 40. Rb1
{[%clk 0:43:28]} Qd8 {[%clk 0:30:42]} 41. Qxc6 {[%clk 0:41:29]} Kg8
{[%clk 0:26:29]} 42. Rb7 {[%clk 0:39:16]} a5 {[%clk 0:22:52]} 43. Bb5
{[%clk 0:35:49]} Nf6 {[%clk 0:19:51]} 44. Rc3 {[%clk 0:35:02]} 1-0

[Event "World Chess Olympiad 2018"]
[Site "Batumi"]
[Date "2018.09.24"]
[Round "1"]
[Board "2"]
[WhiteFideId "11100400"]
[White "Del Castilho Martyn"]
[BlackFideId "12510130"]
[Black "Idani Pouya"]
[Result "0-1"]
[LiveChessVersion "1.4.8"]
[BlackElo "2589"]
[WhiteElo "2250"]

1. e4 {[%clk 1:30:54]} c5 {[%clk 1:25:19]} 2. Nf3 {[%clk 1:31:18]} d6
{[%clk 1:25:45]} 3. d4 {[%clk 1:31:41]} cxd4 {[%clk 1:26:11]} 4. Nxd4
{[%clk 1:32:07]} Nf6 {[%clk 1:26:36]} 5. Nc3 {[%clk 1:32:30]} a6 {[%clk 1:27:04]}
6. Be3 {[%clk 1:32:37]} e5 {[%clk 1:27:27]} 7. Nf3 {[%clk 1:32:52]} Qc7
{[%clk 1:26:30]} 8. a4 {[%clk 1:32:53]} Be6 {[%clk 1:25:51]} 9. Be2
{[%clk 1:29:06]} h6 {[%clk 1:24:39]} 10. a5 {[%clk 1:28:35]} Qc6 {[%clk 1:23:32]}
11. Nd2 {[%clk 1:13:47]} Nbd7 {[%clk 1:23:01]} 12. O-O {[%clk 1:10:01]} Be7
{[%clk 1:22:49]} 13. Bf3 {[%clk 1:01:42]} O-O {[%clk 1:23:07]} 14. Re1
{[%clk 0:59:23]} Rac8 {[%clk 1:22:06]} 15. Nf1 {[%clk 0:56:37]} Rfe8
{[%clk 1:18:16]} 16. Re2 {[%clk 0:53:02]} Nc5 {[%clk 1:13:43]} 17. Ng3
{[%clk 0:22:58]} Bf8 {[%clk 1:08:06]} 18. Nd5 {[%clk 0:13:41]} Bxd5
{[%clk 1:04:01]} 19. exd5 {[%clk 0:14:05]} Qb5 {[%clk 1:04:22]} 20. Bxc5
{[%clk 0:05:36]} Rxc5 {[%clk 1:04:29]} 21. b3 {[%clk 0:05:19]} Qb4
{[%clk 0:58:33]} 22. Ra4 {[%clk 0:02:03]} Qc3 {[%clk 0:58:58]} 23. Ne4
{[%clk 0:01:17]} Nxe4 {[%clk 0:58:22]} 24. Bxe4 {[%clk 0:01:22]} Rxa5
{[%clk 0:57:29]} 25. Re3 {[%clk 0:00:43]} Qc7 {[%clk 0:57:19]} 26. Rc4
{[%clk 0:00:51]} Qd7 {[%clk 0:51:03]} 27. Rec3 {[%clk 0:00:58]} Rc5
{[%clk 0:51:00]} 28. Rxc5 {[%clk 0:01:01]} dxc5 {[%clk 0:51:25]} 29. Qf3
{[%clk 0:01:07]} g6 {[%clk 0:45:24]} 30. Qf6 {[%clk 0:01:19]} Bg7
{[%clk 0:37:08]} 31. Qb6 {[%clk 0:01:42]} f5 {[%clk 0:37:34]} 32. Bf3
{[%clk 0:02:04]} e4 {[%clk 0:37:49]} 33. Re3 {[%clk 0:01:03]} exf3
{[%clk 0:37:19]} 34. Rxe8+ {[%clk 0:01:29]} Qxe8 {[%clk 0:37:45]} 35. gxf3
{[%clk 0:01:48]} Qd7 {[%clk 0:36:06]} 36. Qxc5 {[%clk 0:00:59]} Bf8
{[%clk 0:35:04]} 0-1

[Event "World Chess Olympiad 2018"]
[Site "Batumi"]
[Date "2018.09.24"]
[Round "1"]
[Board "3"]
[WhiteFideId "12573981"]
[White "Firouzja Alireza"]
[BlackFideId "11100516"]
[Black "Blackman Justin"]
[Result "1-0"]
[LiveChessVersion "1.4.8"]
[BlackElo "2158"]
[WhiteElo "2582"]

1. e4 {[%clk 1:24:42]} c5 {[%clk 1:30:53]} 2. Nf3 {[%clk 1:24:56]} d6
{[%clk 1:31:17]} 3. d4 {[%clk 1:24:59]} cxd4 {[%clk 1:31:41]} 4. Nxd4
{[%clk 1:25:24]} Nf6 {[%clk 1:32:05]} 5. Nc3 {[%clk 1:25:44]} a6 {[%clk 1:32:31]}
6. Bg5 {[%clk 1:25:21]} e6 {[%clk 1:31:40]} 7. f4 {[%clk 1:25:41]} h6
{[%clk 1:31:53]} 8. Bh4 {[%clk 1:26:04]} Be7 {[%clk 1:31:28]} 9. Qf3
{[%clk 1:26:05]} Qc7 {[%clk 1:31:18]} 10. O-O-O {[%clk 1:26:18]} Nbd7
{[%clk 1:29:35]} 11. Bd3 {[%clk 1:22:24]} b5 {[%clk 1:25:42]} 12. Rhe1
{[%clk 1:16:02]} Bb7 {[%clk 1:12:18]} 13. Qg3 {[%clk 1:07:41]} g5
{[%clk 0:44:06]} 14. fxg5 {[%clk 1:07:45]} hxg5 {[%clk 0:36:24]} 15. Bxg5
{[%clk 1:07:21]} Rg8 {[%clk 0:33:36]} 16. h4 {[%clk 1:01:09]} b4 {[%clk 0:27:09]}
17. Nb1 {[%clk 0:55:46]} Nh7 {[%clk 0:15:53]} 18. Nd2 {[%clk 0:54:49]} Nxg5
{[%clk 0:15:41]} 19. N2f3 {[%clk 0:53:47]} O-O-O {[%clk 0:11:41]} 20. hxg5
{[%clk 0:51:46]} Ne5 {[%clk 0:09:19]} 21. Kb1 {[%clk 0:51:51]} Nxf3
{[%clk 0:07:33]} 22. Nxf3 {[%clk 0:51:36]} Bxg5 {[%clk 0:05:37]} 23. Nxg5
{[%clk 0:51:35]} Qe7 {[%clk 0:06:02]} 24. Qf2 {[%clk 0:51:15]} Rxg5
{[%clk 0:05:52]} 25. Qa7 {[%clk 0:50:54]} Rxg2 {[%clk 0:03:23]} 26. Bxa6
{[%clk 0:50:57]} Qc7 {[%clk 0:02:32]} 27. Qa8+ {[%clk 0:51:14]} Kd7
{[%clk 0:02:05]} 28. Qxb7 {[%clk 0:51:38]} Rxc2 {[%clk 0:01:37]} 29. Qxb4
{[%clk 0:51:20]} Qc5 {[%clk 0:00:41]} 30. Qa4+ {[%clk 0:51:37]} 1-0

[Event "World Chess Olympiad 2018"]
[Site "Batumi"]
[Date "2018.09.24"]
[Round "1"]
[Board "4"]
[WhiteFideId "11101660"]
[White "Prescod Bryan"]
[BlackFideId "12519278"]
[Black "Mosadeghpour Masoud"]
[Result "0-1"]
[LiveChessVersion "1.4.8"]
[BlackElo "2515"]
[WhiteElo "2039"]

1. d4 {[%clk 1:30:56]} Nf6 {[%clk 1:24:26]} 2. Bf4 {[%clk 1:31:15]} g6
{[%clk 1:24:32]} 3. Nc3 {[%clk 1:31:31]} d5 {[%clk 1:24:45]} 4. e3
{[%clk 1:30:44]} Bg7 {[%clk 1:24:39]} 5. Nf3 {[%clk 1:30:02]} O-O
{[%clk 1:23:27]} 6. Be2 {[%clk 1:28:56]} c6 {[%clk 1:15:46]} 7. Qd2
{[%clk 1:24:05]} Bf5 {[%clk 1:10:10]} 8. Ne5 {[%clk 1:15:14]} Nbd7
{[%clk 1:04:43]} 9. O-O-O {[%clk 1:01:12]} Rc8 {[%clk 0:54:44]} 10. f3
{[%clk 0:55:54]} b5 {[%clk 0:51:33]} 11. g4 {[%clk 0:49:08]} Be6 {[%clk 0:51:09]}
12. Rdg1 {[%clk 0:40:38]} Nb6 {[%clk 0:24:41]} 13. h4 {[%clk 0:31:50]} Nc4
{[%clk 0:24:03]} 14. Bxc4 {[%clk 0:31:46]} dxc4 {[%clk 0:20:24]} 15. Ne4
{[%clk 0:18:51]} Nxe4 {[%clk 0:16:05]} 16. fxe4 {[%clk 0:19:18]} f6
{[%clk 0:14:29]} 17. Nf3 {[%clk 0:18:33]} Qd7 {[%clk 0:14:42]} 18. Nh2
{[%clk 0:12:47]} c5 {[%clk 0:11:28]} 19. d5 {[%clk 0:06:55]} Bf7 {[%clk 0:11:44]}
20. Nf3 {[%clk 0:06:46]} b4 {[%clk 0:08:40]} 21. c3 {[%clk 0:05:52]} e6
{[%clk 0:02:26]} 22. Rd1 {[%clk 0:03:32]} e5 {[%clk 0:02:06]} 23. Bxe5
{[%clk 0:01:06]} fxe5 {[%clk 0:02:01]} 24. Rdg1 {[%clk 0:01:13]} Bxd5
{[%clk 0:01:48]} 25. exd5 {[%clk 0:01:14]} Rxf3 {[%clk 0:02:10]} 26. h5
{[%clk 0:00:55]} bxc3 {[%clk 0:01:52]} 27. Qxc3 {[%clk 0:00:57]} Qxd5
{[%clk 0:01:41]} 28. hxg6 {[%clk 0:01:02]} hxg6 {[%clk 0:01:58]} 29. Rd1
{[%clk 0:00:47]} Qe4 {[%clk 0:02:10]} 30. Qa5 {[%clk 0:00:57]} Rf2
{[%clk 0:01:16]} 31. Rd8+ {[%clk 0:00:42]} Bf8 {[%clk 0:01:09]} 0-1

[Event "World Chess Olympiad 2018"]
[Site "Batumi"]
[Date "2018.09.24"]
[Round "1"]
[Board "1"]
[WhiteFideId "4201345"]
[White "Papaioannou Ioannis"]
[BlackFideId "9916148"]
[Black "Piyumantha M Sasith Nipun"]
[Result "1-0"]
[LiveChessVersion "1.4.8"]
[BlackElo "2139"]
[WhiteElo "2634"]

1. e4 {[%clk 1:30:28]} c5 {[%clk 1:22:05]} 2. Nf3 {[%clk 1:30:48]} Nc6
{[%clk 1:22:22]} 3. Bb5 {[%clk 1:31:01]} g6 {[%clk 1:22:25]} 4. O-O
{[%clk 1:31:16]} Bg7 {[%clk 1:22:49]} 5. c3 {[%clk 1:31:28]} e5 {[%clk 1:23:15]}
6. d4 {[%clk 1:30:52]} cxd4 {[%clk 1:20:55]} 7. cxd4 {[%clk 1:31:17]} exd4
{[%clk 1:21:18]} 8. Bf4 {[%clk 1:31:32]} Nge7 {[%clk 1:19:44]} 9. Bd6
{[%clk 1:31:40]} O-O {[%clk 1:17:17]} 10. Nbd2 {[%clk 1:31:49]} a6
{[%clk 1:11:55]} 11. Bd3 {[%clk 1:31:31]} b6 {[%clk 1:06:11]} 12. a3
{[%clk 1:25:28]} Bb7 {[%clk 1:02:46]} 13. Bc4 {[%clk 1:23:55]} Na5
{[%clk 0:47:17]} 14. Ba2 {[%clk 1:21:44]} Bc6 {[%clk 0:43:56]} 15. b4
{[%clk 1:18:03]} Nb7 {[%clk 0:43:36]} 16. Be5 {[%clk 1:17:56]} Bxe5
{[%clk 0:34:01]} 17. Nxe5 {[%clk 1:18:20]} Bb5 {[%clk 0:33:08]} 18. Re1
{[%clk 1:15:41]} Qc7 {[%clk 0:18:42]} 19. Ndf3 {[%clk 1:13:05]} Qd6
{[%clk 0:11:20]} 20. Ng4 {[%clk 1:07:12]} d3 {[%clk 0:07:17]} 21. e5
{[%clk 1:07:24]} Qc7 {[%clk 0:07:23]} 22. Rc1 {[%clk 1:07:09]} Qd8
{[%clk 0:06:56]} 23. a4 {[%clk 1:07:09]} Bc6 {[%clk 0:07:20]} 24. Nd4
{[%clk 1:07:24]} Nd5 {[%clk 0:06:56]} 25. Bxd5 {[%clk 1:07:44]} 1-0